000 00616nam a2200241Ia 4500
003 OSt
005 20220918193429.0
006 a|||||r|||| 00| 0
007 ta
008 220917b |||||||| |||| 00| 0 eng d
024 _a73,028
037 _cTextual
040 _aARTS
_cARTS
_beng
041 _2eng
_aeng
082 _aR6, L63
100 _aHerman A L
_976999
245 0 _aIntroduction to Indian thought
260 _aN Jersey
_b Prentice Hall
_c1976
300 _axiv, 301p.
_ccm.
650 _aINDIAN PHILOSOPHY
942 _hR6, L63
_cTEXL
_2CC
999 _c198969
_d198969